Физиология сельскохозяйственных растений. Т. 5: Физиология кукурузы и риса (Запись № 12574803)

Подробности
000 -МАРКЕР
контрольное поле 01428nam2a2200289 4500
001 - ИДЕНТИФИКАТОР ЗАПИСИ
контрольное поле RU\NLR\BIBL_A\012598524
005 - ИДЕНТИФИКАТОР ВЕРСИИ
контрольное поле 20250624082124.0
021 ## - НОМЕР ГОСУДАРСТВЕННОЙ РЕГИСТРАЦИИ
Код страны Российская Федерация
Номер [69-51322]
035 ## - ДРУГИЕ СИСТЕМНЫЕ НОМЕРА
Идентификатор записи (NLR Aleph) 012598524
100 ## - ДАННЫЕ ОБЩЕЙ ОБРАБОТКИ
Данные общей обработки 20210920d1969 |||y0rusy50 ca
101 0# - ЯЗЫК РЕСУРСА
Язык текста, звукозаписи и т.д. русский
102 ## - СТРАНА ПУБЛИКАЦИИ ИЛИ ПРОИЗВОДСТВА
Страна публикации Российская Федерация
105 ## - ПОЛЕ КОДИРОВАННЫХ ДАННЫХ: ТЕКСТОВЫЕ МАТЕРИАЛЫ, МОНОГРАФИЧЕСКИЕ
Кодированные данные о монографическом текстовом документе a z |||||
200 1# - ЗАГЛАВИЕ И СВЕДЕНИЯ ОБ ОТВЕТСТВЕННОСТИ
Основное заглавие Физиология кукурузы и риса
Первые сведения об ответственности [Авт.: С. С. Андреенко, Ф. М. Куперман и П. С. Брыгин ]
Последующие сведения об ответственности Отв. ред. Б. А. Рубин
210 ## - ПУБЛИКАЦИЯ, РАСПРОСТРАНЕНИЕ И ДР.
Дата издания, распространения и т.д. 1969
Место издания, распространения и т.д. Б. м.
215 ## - ФИЗИЧЕСКАЯ ХАРАКТЕРИСТИКА
Специфическое обозначение материала и объем 416 с.
Другие сведения о физической характеристике ил.
320 ## - ПРИМЕЧАНИЯ О НАЛИЧИИ В ДОКУМЕНТЕ БИБЛИОГРАФИИ / УКАЗАТЕЛЯ
Текст примечания Библиогр. в конце разделов
461 #0 - УРОВЕНЬ НАБОРА
Встроенное поле 001rc\4926049
-- 2001#$aФизиология сельскохозяйственных растений$eВ 12 т.$fГл. ред. Б.А. Рубин$gМоск. гос. ун-т им. М.В. Ломоносова.$vТ. 5
Системный номер (АБИС) связанной записи 8958700
Место публикации Москва
Дата публикации 1967
Первые сведения об ответственности Гл. ред. Б.А. Рубин
Имя издателя, распространителя и т.д. Изд-во Моск. ун-та
Сведения, относящиеся к заглавию В 12 т.
Заглавие Физиология сельскохозяйственных растений
Номер тома Т. 5
700 #1 - ИМЯ ЛИЦА - ПЕРВИЧНАЯ ОТВЕТСТВЕННОСТЬ
Начальный элемент ввода Андреенко
Часть имени, кроме начального элемента ввода С. С.
Расширение инициалов личного имени Степан Сидорович
701 #1 - ИМЯ ЛИЦА - АЛЬТЕРНАТИВНАЯ ОТВЕТСТВЕННОСТЬ
Начальный элемент ввода Куперман
Часть имени, кроме начального элемента ввода Ф. М.
Расширение инициалов личного имени Фанни Михайловна
701 #1 - ИМЯ ЛИЦА - АЛЬТЕРНАТИВНАЯ ОТВЕТСТВЕННОСТЬ
Начальный элемент ввода Брыгин
Часть имени, кроме начального элемента ввода П. С.
852 ## - МЕСТОНАХОЖДЕНИЕ И ШИФР ХРАНЕНИЯ
Идентификатор организации NLR
Шифр хранения (Call Number) 67-5/2784
942 ## - ДОПОЛНИТЕЛЬНЫЕ ЭЛЕМЕНТЫ ЗАПИСИ (АБИС)
Тип экземпляра АБИС Книга
980 ## - КОЛЛЕКЦИЯ
Название коллекции Национальная библиография
Экземпляры
Тип экземпляра Дата поступления Библиотека постоянного хранения Библиотека текущего хранения Место хранения Шифр хранения Штрих-код Статус экземпляра
Книга 20.09.2021 РНБ (Московский) РНБ (Московский) Русский книжный фонд: издания с 1957 года 67-5/2784 ERR-218734